000 00771nam a22001577a 4500
003 OSt
005 20160401103016.0
008 160401b xxu||||| |||| 00| 0 eng d
040 _cRUA
082 _aAGR ONG 2010 B472 Or.1
100 _98294
_aONG SOCHEATH; អុង សុជាតិ
245 _aSclerotium rolfsii disese management by flooding in greenhouse condition; ឥទ្ធិពលនៃការពន្លិចទឹក ក្នុងការម្ចាត់ផ្សិតក្លែរ៉ូញ៉ូម រុស្ស៊ី លើដំណាំសណ្ដែកបាយនៅក្នុងលក្ខខ័ណ្ណផ្ទះកញ្ចក់
260 _aPhnom penh
_bRUA
_c2010
300 _axiii;55p.
_bill.
_c29cm.
942 _2ddc
_cAGR
999 _c7931
_d7931